Waders of North America - Statistics

General Stats
  • This quiz has been taken 8 times
  • The average score is 22 of 23
Answer Stats
Picture Answer % Correct
American Bittern
100%
Glossy Ibis
100%
Great Blue Heron
100%
Great Egret
100%
Green Heron
100%
Least Bittern
100%
Limpkin
100%
Reddish Egret
100%
Roseate Spoonbill
100%
Snowy Egret
100%
Tricolored Heron
100%
Western Cattle-Egret
100%
White-Faced Ibis
100%
White Ibis
100%
Whooping Crane
100%
Wood Stork
100%
Yellow-Crowned Night-Heron
100%
American Flamingo
86%
Black-Crowned Night-Heron
86%
Little Blue Heron
86%
Sandhill Crane
86%
Common Crane
71%
Little Egret
57%
No matching quizzes found
Score Distribution
Percent of People with Each Score
Percentile by Number Answered
Your Score History
You have not taken this quiz